The begging bowl / (Record no. 70331)

MARC details
000 -LEADER
fixed length control field 00723nam a22002177a 4500
005 - DATE AND TIME OF LATEST TRANSACTION
control field 2012092608268.0
008 - FIXED-LENGTH DATA ELEMENTS--GENERAL INFORMATION
fixed length control field 120926t xxu||||| |||| 00| 0 eng d
010 ## - LCCN (DPL NO)
LC control number ENG-105986
020 ## - INTERNATIONAL STANDARD BOOK NUMBER
International Standard Book Number 9789350450239
Terms of availability 150.00
035 ## - SYSTEM CONTROL NUMBER
System control number EN-89519
037 ## - SOURCE OF ACQUISITION
Source of stock number/acquisition DBAD/PUB
040 ## - CATALOGING SOURCE
Original cataloging agency DPL
Language of cataloging English
082 ## - DEWEY DECIMAL CLASSIFICATION NUMBER
Classification number 881
100 ## - MAIN ENTRY--PERSONAL NAME
9 (RLIN) 52635
Personal name Large, Jose
245 ## - TITLE STATEMENT
Title The begging bowl /
Statement of responsibility, etc by Jose Large
260 ## - PUBLICATION, DISTRIBUTION, ETC. (IMPRINT)
Place of publication, distribution, etc Calcutta
Name of publisher, distributor, etc Writers Workshop
Date of publication, distribution, etc 2011
270 ## - ADDRESS
Address 162/92, Lake Gardens
City Calcutta
Postal code 700045
Electronic mail address www.writersworkshopindia.com
300 ## - PHYSICAL DESCRIPTION
Extent 111p.
Dimensions 22cm(Hb)
942 ## - ADDED ENTRY ELEMENTS (KOHA)
Source of classification or shelving scheme Dewey Decimal Classification
Item type English Books
Call number suffix LAR
Classification part 881
Holdings
Withdrawn status Lost status Source of classification or shelving scheme Damaged status Not for loan Collection code Home library Current library Date acquired Source of acquisition Cost, normal purchase price Total Checkouts Full call number Barcode Date last seen Copy number Cost, replacement price Koha item type
    Dewey Decimal Classification   Not For Loan Non-fiction D.B.Act.Division D.B.Act.Division 26/09/2012 DBAD / PUB 150.00   881 LAR EN-89519 26/09/2012 1 150.00 English Books

© Delhi Public Library
Hit Counter
free hit counter